=LDR 00000nam 2200000 4500 =001 NUTBA000000000005660 =005 20141105103654.0 =006 =007 =008 =020 ##$$a 978-979-050-266-6 =035 ##$$a 0010-111400000000139 =040 ##$$a NBPDMAT =082 ##$$a R.912 59815 =090 ##$$a R.912 59815 $b Mah a =100 ##$$a Mahyuzar =245 ##$$a Atlas tematik provinsi jambi =250 ##$$a Cet.1 =260 ##$$a Jakarta : $b Bina Sumber Daya Mipa, $c 2010 =300 ##$$a 50 hlm. : $b ilus. ; $c 29 cm. =650 ##$$a Atlas Tematik Jambi =850 ##$$a NBPDMAT